02061nam a2200253 i 4500001000700000003000900007005001700016007000300033008004100036080001500077100002100092245041900113250001600532260004300548300002000591490007500611504001200686505089600698650002701594700003001621710005501651830007501706852002601781110729ES-MaACL20230906185139.0t|070123m19281930sp ||||1| spa d a347.41/.431 aGiorgi, Giorgio.10aTeoría de las obligaciones en el Derecho moderno b: expuesta conforme a la doctrina y a la jurisprudencia italiana, francesa, alemana, etc., etc. / cpor Jorge Giorgi ; traducida de la séptima edición italiana y anotada con arreglo a las legislaciones española y americanas, por la Redaccion de la Revista General de Legislación, Jurisprudencia, y precedidad de una introduccion de Eduardo Dato Iradier. a2ª ed rev. aMadrid : bHijos de Reus, c1928-1930. a9 v. ; c23 cm.1 aBiblioteca jurídica de autores españoles y extranjeros ; v106-114 aIndice.8 aContiene: v. 1. Definición de las obligaciones; obligaciones naturales, solidarias, indivisibles; forma y prueba de las obligaciones.(E-3099).-- v. 2. Efectos de las obligaciones;...(E-3100).-- v. 3. Fuentes de las obligaciones.-Contratos.(E-3101).-- v. 4. Fuentes de las obligaciones; (continuación y fin de los contratos).(E-3102).-- v. 5. Fuentes de las obligaciones; cuasi-contratos; hechos ilicitos; leyes.(E-3103).-- v. 6. Fuentes de las obligaciones; obligaciones nacidas de la ley (Continuación y fin); tramitación de las obligaciones.(E-3104).-- v. 7. Extincion de las obligaciones...(E-3105).-- v. 8. Extinción de las obligaciones (Continuación y fin); compensación; confusión; pérdida de la cosa debida; acciones rescisorias; prescripción.(E-3106).-- v. 9. Indice General por orden alfabético de todas las materias contenidad en los ocho volúmenes.(E-3107) 4aObligaciones (Derecho)1 aDato, Eduardo,d1856-19212 aRevista General de Legislación y Jurisprudencia.0 aBiblioteca jurídica de autores españoles y extranjeros ; v106-114 aES-MaACLjE-3099-3107